000 01142nam a2200181Ia 4500
008 100920s9999 xx 000 0 und d
082 _b63228
_a61 थ 61
100 _aआनंदयात्री.
245 _aसांस्कृतिक भारत दर्शन 2 क्षप्रिेच्या सोनेरी स्मृति श्रीक्षेत्र उज्जयिनी.
260 _bवोरा ऍण्ड कंपनी पब्लिशर्स प्रा. लि., मंुबई 2.
_c1960
300 _a29
_bसाधी
365 _b0.8
520 _aस्थानिक वाचन.
630 _aसांस्कृतिक भारत दर्शन 2 क्षप्रिेच्या सोनेरी स्मृति श्रीक्षेत्र उज्जयिनी.
650 _aस्थानिक वाचन.
730 _aसांस्कृतिक भारत दर्शन 2 क्षप्रिेच्या सोनेरी स्मृति श्रीक्षेत्र उज्जयिनी.
942 _cBOOK
999 _c706310
_d706307